| 000 | 00414nam a22001457a 4500 | ||
|---|---|---|---|
| 008 | 160816b xxu||||| |||| 00| 0 eng d | ||
| 050 | _aBS480.B38 | ||
| 100 |
_aBenoit, Pierre _925042 |
||
| 245 |
_aInspiration and the bible _c/ Pierre Benoit |
||
| 260 |
_aLondon _bShed and Ward _c1965 |
||
| 300 |
_a115p.; _c17cm. |
||
| 650 |
_aBible _xInspiration _925043 |
||
| 650 |
_aRevelation _99159 |
||
| 942 |
_2lcc _cMONOGRAPH |
||
| 999 |
_c125006 _d125006 |
||